00334nam a2200121Ia 4500008004100000100002300041245007700064260002900141300000800170650001000178942000700188999001700195190216s9999||||xx |||||||||||||| ||und|| aVaidik Pusthakaley 0aHindi - Adha Sathyarith Prakash By Maharshi Day An Anda Saraswathi Swamy bVaidik Pusthakalayc1998 a372 aHindi cBK c16144d16144